| 000 | 00513nam a2200193Ia 4500 | ||
|---|---|---|---|
| 003 | GCL | ||
| 008 | 140319s9999 xx 000 0 eng d | ||
| 020 | _a9775589207 | ||
| 040 |
_aGCL / _cGCL |
||
| 082 | 0 | 4 |
_a279 _bS T |
| 100 | 1 | _aSHAHWAN, F.A. | |
| 245 | 1 | 0 |
_aTHE TREASURES OF ISLAM / _cSHAHWAN, F.A. |
| 260 |
_aالقاهرة : _bالشركة المتحدة للطباعة والنشر |
||
| 300 |
_a24 CM ؛ _c197 P |
||
| 650 | 0 | 4 | _aISLAM |
| 650 | 0 | 4 | _aISLAM - HISTORY |
| 650 | 0 | 4 | _aKORAN |
| 942 |
_2ddc _cBK |
||
| 999 |
_c5803 _d5803 |
||